[Event "1st Gujarat GM Open 2018"]
[Site "Ahmedabad"]
[Date "2018.10.07"]
[Round "4"]
[White "Singh, D.P."]
[Black "Tukhaev, Adam"]
[Result "1/2-1/2"]
[WhiteElo "2132"]
[BlackElo "2556"]
[Annotator "ChessBase"]
[PlyCount "126"]
[EventDate "2018.10.05"]
[EventType "swiss"]
[EventCountry "IND"]
[SourceTitle "playchess.com"]
[Source "ChessBase"]
[SourceQuality "1"]
[TimeControl "5400+30"]

1. d4 {[%emt 0:03:11]} g6 {[%emt 0:00:00]} 2. e4 {[%emt 0:01:51]} Bg7 {[%emt 0:00:27]} 3. h4 {[%emt 0:02:29]} h6 {[%emt 0:01:02]} 4. Nc3 {[%emt 0:02:24]} d6 {[%emt 0:00:18]} 5. Be3 {[%emt 0:03:25]} a6 {[%emt 0:00:05]} 6. a4 {[%emt 0:01:51]} Nf6 {[%emt 0:04:54]} 7. f3 {[%emt 0:04:25]} b6 {[%emt 0:01:26]} 8. Nh3 {[%emt 0:07:38]} Nh5 {[%emt 0:13:07]} 9. Ne2 {[%emt 0:00:54]} Nd7 {[%emt 0:09:55]} 10. c3 {[%emt 0:04:10]} Bb7 {[%emt 0:08:18]} 11. g4 {[%emt 0:03:13]} Nhf6 {[%emt 0:00:04]} 12. Ng3 {[%emt 0:00:48]} c5 {[%emt 0:04:24]} 13. g5 {[%emt 0:13:11]} hxg5 {[%emt 0:00:58]} 14. Nxg5 {[%emt 0:01:02]} e6 {[%emt 0:02:38]} 15. Kf2 {[%emt 0:02:36]} Qe7 {[%emt 0:01:30]} 16. Bd3 {[%emt 0:04:33]} Nh5 {[%emt 0:01:11]} 17. Nxh5 {[%emt 0:08:04]} Rxh5 {[%emt 0:00:08]} 18. Qb3 {[%emt 0:08:21]} Rc8 {[%emt 0:26:46]} 19. Rag1 {[%emt 0:06:09]} Kd8 {[%emt 0:09:26]} 20. dxc5 {[%emt 0:04:42]} dxc5 {[%emt 0:01:30]} 21. Bc4 {[%emt 0:02:31]} Kc7 {[%emt 0:01:58]} 22. Rd1 {[%emt 0:01:35]} Ne5 {[%emt 0:07:46]} 23. Bf4 {[%emt 0:03:58]} Rch8 {[%emt 0:00:41]} 24. Bg3 {[%emt 0:03:22]} Bc6 {[%emt 0:01:40]} 25. Bxa6 {[%emt 0:01:55]} Rxg5 {[%emt 0:01:06]} 26. hxg5 {[%emt 0:00:46]} Rxh1 {[%emt 0:00:02]} 27. Rxh1 {[%emt 0:00:22]} Qxg5 {[%emt 0:00:02]} 28. Qd1 {[%emt 0:01:28]} Qe7 {[%emt 0:01:48]} 29. Rh7 {[%emt 0:01:31]} Bf6 {[%emt 0:00:48]} 30. f4 {[%emt 0:01:13]} Nd7 {[%emt 0:00:02]} 31. e5 {[%emt 0:00:34]} c4 {[%emt 0:00:39]} 32. Qd6+ {[%emt 0:01:13]} Qxd6 {[%emt 0:00:13]} 33. exd6+ {[%emt 0:00:05]} Kxd6 {[%emt 0:00:02]} 34. f5+ {[%emt 0:00:45]} Be5 {[%emt 0:01:07]} 35. fxg6 {[%emt 0:00:19]} fxg6 {[%emt 0:00:02]} 36. Bxc4 {[%emt 0:00:20]} Bxg3+ {[%emt 0:00:19]} 37. Kxg3 {[%emt 0:00:09]} Bxa4 {[%emt 0:00:08]} 38. Bd3 {[%emt 0:00:39]} Ne5 {[%emt 0:00:02]} 39. Be4 {[%emt 0:00:18]} Bc6 {[%emt 0:01:03]} 40. Bxc6 {[%emt 0:00:33]} Kxc6 {[%emt 0:00:03]} 41. b3 {[%emt 0:00:41]} Nd7 42. Kf3 {[%emt 0:01:06]} Nc5 {[%emt 0:02:08]} 43. b4 {[%emt 0:00:17]} Na4 {[%emt 0:00:03]} 44. Rh8 {[%emt 0:00:42]} Kd5 {[%emt 0:01:33]} 45. Rc8 {[%emt 0:00:26]} b5 {[%emt 0:00:09]} 46. Ke3 {[%emt 0:00:06]} e5 {[%emt 0:00:17]} 47. Kd2 {[%emt 0:00:27]} g5 {[%emt 0:00:34]} 48. Rd8+ {[%emt 0:01:04]} Ke4 {[%emt 0:00:54]} 49. Rb8 {[%emt 0:00:23]} g4 {[%emt 0:00:03]} 50. Rxb5 {[%emt 0:00:26]} g3 {[%emt 0:00:02]} 51. Rb8 {[%emt 0:00:20]} g2 {[%emt 0:00:51]} 52. Rg8 {[%emt 0:00:19]} Kf3 {[%emt 0:00:02]} 53. c4 {[%emt 0:00:37]} e4 {[%emt 0:01:27]} 54. Rf8+ {[%emt 0:00:31]} Kg3 {[%emt 0:00:04]} 55. Rg8+ {[%emt 0:00:53]} Kf2 {[%emt 0:00:13]} 56. Rf8+ {[%emt 0:00:07]} Kg3 {[%emt 0:00:04]} 57. Rg8+ {[%emt 0:00:55]} Kf2 {[%emt 0:00:03]} 58. Rf8+ {[%emt 0:00:32]} Kg3 {[%emt 0:00:04]} 59. Rg8+ {[%emt 0:00:32]} Kf2 {[%emt 0:00:04]} 60. Rxg2+ {[%emt 0:00:29]} Kxg2 {[%emt 0:00:03]} 61. Ke3 {[%emt 0:00:15]} Nb2 {[%emt 0:00:42]} 62. c5 {[%emt 0:00:43]} Nd3 {[%emt 0:00:03]} 63. Kxe4 {[%emt 0:00:25]} Nxb4 {[%emt 0:00:04]} 1/2-1/2

[Event "1st Gujarat GM Open 2018"]
[Site "Ahmedabad"]
[Date "2018.10.07"]
[Round "4"]
[White "Jaeel Atharva"]
[Black "Rahman, Ziaur"]
[Result "0-1"]
[WhiteElo "2130"]
[BlackElo "2473"]
[Annotator "TA"]
[PlyCount "100"]
[EventDate "2018.10.05"]
[EventType "swiss"]
[EventCountry "IND"]
[SourceTitle "playchess.com"]
[Source "ChessBase"]
[SourceQuality "1"]

{[%evp 15,100,0,0,0,0,-3,-2,-5,16,9,15,0,0,0,0,-11,0,-8,-5,-8,-3,-12,-9,-25,-24,-21,-14,-28,-26,-26,-23,-31,0,-42,35,41,44,51,31,-14,-10,-16,0,-37,75,35,52,45,49,23,70,37,34,39,40,9,12,7,18,0,0,0,0,0,0,0,0,0,0,-24,-24,-28,-25,-228,-228,-175,-202,-172,-208,-266,-264,-29971,-29972,-29972,-29972,-6124,-622]} 1. d4 d5 2. c4 e6 3. Nc3 Bb4 4. Nf3 Nf6 5. cxd5 exd5 6. Bg5 h6 7. Bxf6 Qxf6 8. e3 c6 {LiveBook: 18 Games. D38: Queen's Gambit Declined: Ragozin Defence (4 Nf3 Bb4)} 9. h3 (9. Be2 O-O 10. O-O Bf5 11. Ne5 Qe7 12. Bd3 Bxd3 13. Nxd3 Nd7 14. Nxb4 Qxb4 15. Qc2 Nb6 16. a3 {½-½ (71) Kunin,V (2551)-Goganov,A (2592) Llucmajor 2017}) 9... O-O 10. Bd3 Be6 {The position is equal.} 11. Qb3 Qe7 12. O-O a5 13. Qc2 Nd7 14. Rac1 Qf6 15. Qe2 Rfe8 16. Rfe1 Rac8 $146 17. Bb1 g6 18. Nd2 Bd6 19. Rf1 b5 20. Bd3 Nb6 21. Nf3 Bd7 22. Nb1 Qe7 23. Qc2 Qf6 24. Qe2 $1 Nc4 {[#]} (24... a4 $15) 25. a4 $1 $14 {[%mdl 512]} bxa4 26. Bxc4 dxc4 27. Na3 Bxa3 28. bxa3 Be6 29. Nd2 {[%cal Bf3d2,Bd2e4,Be4c5][%mdl 32]} Qg5 (29... Bd5 $1 $15 {stays ahead.} 30. Nxc4 c5) 30. Ne4 (30. Nxc4 $5 {[%cal Rc4d6]} Bxh3 31. Qf3 $16) 30... Qe7 31. Nc5 Bd5 32. Rfe1 (32. e4 $5) 32... f5 33. Nxa4 Qg5 {[%csl Gd5][%cal Rg5g2]} 34. f3 Rb8 35. Nb2 Bxf3 36. Qxf3 Rxb2 37. Qxc6 Kg7 ({Avoid the trap} 37... Rxe3 $2 38. Qxc4+ Kg7 39. Qc7+ Qe7 40. Rxe3 $18) 38. Rxc4 h5 $36 {[%mdl 2048] Black has good play.} 39. Qf3 f4 40. e4 Reb8 {Hoping for ...R8b3.} 41. Rf1 Ra2 {And now ...Rbb2 would win.} 42. Rc5 Qg3 $1 {...Rbb2 is the strong threat.} 43. Rc7+ Kh6 {Threatens to win with ...Rbb2.} 44. Rc3 $2 (44. Qxf4+ $11 {and White has nothing to worry.} Qxf4 45. Rxf4) 44... Rxg2+ $1 $19 45. Qxg2 Qxc3 {KQR-KQR} 46. Qf2 Rf8 47. Kh2 Qxa3 48. e5 $2 {[#]} (48. Rg1 $19) 48... Qg3+ $1 {[%mdl 512]} 49. Kh1 (49. Qxg3 fxg3+) 49... Qxh3+ 50. Kg1 Rf5 {Precision: White = 35%, Black = 75%.} (50... f3 $142 51. Qh2 Qg4+ 52. Kh1 f2) 0-1

[Event "1st Gujarat GM Open 2018"]
[Site "Ahmedabad"]
[Date "2018.10.07"]
[Round "4"]
[White "Prasannaa.s"]
[Black "Rathanvel, V S"]
[Result "1/2-1/2"]
[WhiteElo "2124"]
[BlackElo "2341"]
[Annotator "NA"]
[PlyCount "113"]
[EventDate "2018.10.05"]
[EventType "swiss"]
[EventCountry "IND"]
[SourceTitle "playchess.com"]
[Source "ChessBase"]
[SourceQuality "1"]
[TimeControl "5400+30"]

1. Nf3 {[%emt 0:00:00]} Nf6 {[%emt 0:00:00]} 2. c4 {[%emt 0:00:00]} Nc6 {[%emt 0:00:09]} 3. d4 {[%emt 0:01:17]} e6 {[%emt 0:00:07]} 4. Nc3 {[%emt 0:00:35]} Bb4 {[%emt 0:00:10]} 5. Bd2 {[%emt 0:02:17]} Qe7 {[%emt 0:01:18]} 6. d5 {[%emt 0:16:14]} Nb8 {[%emt 0:09:03]} 7. Qc2 {[%emt 0:08:13]} O-O {[%emt 0:01:11]} 8. O-O-O {[%emt 0:02:30]} d6 {[%emt 0:09:12]} 9. e4 {[%emt 0:02:33]} e5 {[%emt 0:13:01]} 10. h3 {[%emt 0:01:37]} a6 {[%emt 0:02:45]} 11. a3 {[%emt 0:03:09]} Bc5 {[%emt 0:00:51]} 12. Bg5 {[%emt 0:02:19]} a5 {[%emt 0:03:18]} 13. Ne1 {[%emt 0:02:01]} c6 {[%emt 0:02:16]} 14. Nd3 {[%emt 0:00:19]} Bd4 {[%emt 0:11:23]} 15. Kb1 {[%emt 0:03:24]} h6 {[%emt 0:02:07]} 16. Bxf6 {[%emt 0:01:22]} Qxf6 {[%emt 0:00:14]} 17. Be2 {[%emt 0:00:06]} Qg6 {[%emt 0:05:58]} 18. Bf3 {[%emt 0:00:04]} f5 {[%emt 0:16:14]} 19. Rhe1 {[%emt 0:00:53]} Na6 {[%emt 0:05:18]} 20. Rd2 {[%emt 0:06:00]} Bd7 {[%emt 0:03:03]} 21. exf5 {[%emt 0:08:37]} Bxf5 {[%emt 0:00:08]} 22. Be4 {[%emt 0:00:29]} Bxc3 {[%emt 0:01:55]} 23. Bxf5 {[%emt 0:01:21]} Qxf5 {[%emt 0:02:16]} 24. bxc3 {[%emt 0:00:42]} cxd5 {[%emt 0:00:33]} 25. cxd5 {[%emt 0:00:12]} Rac8 {[%emt 0:02:36]} 26. Nb2 {[%emt 0:00:58]} Rxc3 {[%emt 0:00:59]} 27. Qxf5 {[%emt 0:00:12]} Rxf5 {[%emt 0:00:04]} 28. Re3 {[%emt 0:01:16]} Rxf2 {[%emt 0:00:58]} 29. Rxf2 {[%emt 0:00:39]} Rxe3 {[%emt 0:00:04]} 30. Nc4 {[%emt 0:00:07]} Rd3 {[%emt 0:03:28]} 31. Nxd6 {[%emt 0:00:05]} Nc5 {[%emt 0:01:46]} 32. Nf5 {[%emt 0:00:02]} e4 {[%emt 0:00:43]} 33. d6 {[%emt 0:02:36]} g6 {[%emt 0:00:57]} 34. Nxh6+ {[%emt 0:00:56]} Kg7 {[%emt 0:00:01]} 35. Ng4 {[%emt 0:00:09]} Rxd6 {[%emt 0:00:08]} 36. Ne5 {[%emt 0:00:48]} Re6 {[%emt 0:01:32]} 37. Nc4 {[%emt 0:00:07]} b5 {[%emt 0:00:52]} 38. Ne3 {[%emt 0:01:55]} Nd3 {[%emt 0:01:26]} 39. Re2 {[%emt 0:01:25]} Kf6 {[%emt 0:00:52]} 40. Nd5+ {[%emt 0:00:26]} Ke5 {[%emt 0:00:30]} 41. Nc3 {[%emt 0:00:09]} Kd4 {[%emt 0:00:22]} 42. Nxb5+ {[%emt 0:00:08]} Kc4 {[%emt 0:00:09]} 43. a4 {[%emt 0:00:05]} e3 {[%emt 0:00:55]} 44. Na3+ {[%emt 0:00:04]} Kc3 {[%emt 0:00:20]} 45. Nb5+ {[%emt 0:00:22]} Kb4 {[%emt 0:00:29]} 46. Nd4 {[%emt 0:00:04]} Re4 {[%emt 0:00:36]} 47. Nc2+ {[%emt 0:00:07]} Kxa4 {[%emt 0:00:14]} 48. Rxe3 {[%emt 0:00:15]} Rxe3 {[%emt 0:00:07]} 49. Nxe3 {[%emt 0:00:11]} Kb3 {[%emt 0:00:08]} 50. h4 {[%emt 0:01:26]} a4 {[%emt 0:00:29]} 51. g4 {[%emt 0:00:42]} Nf4 {[%emt 0:00:12]} 52. Nf1 {[%emt 0:00:43]} a3 {[%emt 0:00:36]} 53. Nd2+ {[%emt 0:00:27]} Kc3 {[%emt 0:00:10]} 54. Nf3 {[%emt 0:00:04]} Kd3 {[%emt 0:01:05]} 55. Ka2 {[%emt 0:00:06]} Ke3 {[%emt 0:00:30]} 56. Ne5 {[%emt 0:00:06]} Ke4 {[%emt 0:00:11]} 57. Nxg6 {[%emt 0:00:04] Ke5} 1/2-1/2

[Event "1st Gujarat GM Open 2018"]
[Site "Ahmedabad"]
[Date "2018.10.07"]
[Round "4"]
[White "Anadkat Kartavya"]
[Black "Mohammad Minhaz Uddin"]
[Result "0-1"]
[WhiteElo "2109"]
[BlackElo "2328"]
[Annotator "NA"]
[PlyCount "62"]
[EventDate "2018.10.05"]
[EventType "swiss"]
[EventCountry "IND"]
[SourceTitle "playchess.com"]
[Source "ChessBase"]
[SourceQuality "1"]
[TimeControl "5400+30"]

1. e4 {[%emt 0:00:00]} e5 {[%emt 0:00:00]} 2. Nf3 {[%emt 0:00:00]} Nf6 {[%emt 0:00:00]} 3. Nxe5 {[%emt 0:00:43]} d6 {[%emt 0:00:00]} 4. Nf3 {[%emt 0:00:23]} Nxe4 {[%emt 0:00:03]} 5. Nc3 {[%emt 0:00:33]} Nxc3 {[%emt 0:00:06]} 6. dxc3 {[%emt 0:00:04]} Be7 {[%emt 0:00:11]} 7. Be3 {[%emt 0:00:05]} Nc6 {[%emt 0:00:06]} 8. Qd2 {[%emt 0:00:32]} Be6 {[%emt 0:01:26]} 9. O-O-O {[%emt 0:02:32]} Qd7 {[%emt 0:00:12]} 10. Kb1 {[%emt 0:04:28]} O-O-O {[%emt 0:04:21]} 11. Bb5 {[%emt 0:07:37]} a6 {[%emt 0:00:22]} 12. Ba4 {[%emt 0:02:23]} b5 {[%emt 0:00:10]} 13. Bb3 {[%emt 0:00:05]} d5 {[%emt 0:01:28]} 14. a4 {[%emt 0:26:53]} Na5 {[%emt 0:12:17]} 15. axb5 {[%emt 0:15:59]} axb5 {[%emt 0:06:52]} 16. Ba2 {[%emt 0:03:47]} Kb7 {[%emt 0:07:58]} 17. Bf4 $17 {[%emt 0:08:21]} (17. Rhe1 $11 {remains equal.}) 17... Nc4 {[%emt 0:02:22]} 18. Qe2 {[%emt 0:01:37]} Bf6 {[%emt 0:07:10]} 19. Nd4 {[%emt 0:04:02]} Rhe8 {[%emt 0:11:42]} 20. Qd3 {[%emt 0:01:29]} Bxd4 {[%emt 0:02:47]} 21. Qxd4 {[%emt 0:00:35]} Ra8 {[%emt 0:02:50]} 22. Qc5 {[%emt 0:03:37]} Ra6 {[%emt 0:02:59]} 23. Bxc4 {[%emt 0:03:08]} bxc4 {[%emt 0:01:43]} 24. Kc1 {[%emt 0:03:16]} Rea8 {[%emt 0:00:07]} 25. Kd2 {[%emt 0:00:30]} Bf5 {[%emt 0:03:44]} 26. Rhe1 {[%emt 0:01:07]} Ra5 {[%emt 0:02:23]} 27. Qe7 {[%emt 0:00:53]} Kc6 {[%emt 0:03:16]} 28. Qh4 {[%emt 0:01:48]} Bxc2 {[%emt 0:06:58]} 29. Rc1 {[%emt 0:03:38]} Qf5 {[%emt 0:00:12]} 30. Re3 {[%emt 0:00:38]} Ba4 {[%emt 0:01:48]} 31. g4 {[%emt 0:03:42]} Qxf4 {[%emt 0:00:29]} 0-1

[Event "1st Gujarat GM Open 2018"]
[Site "Ahmedabad"]
[Date "2018.10.07"]
[Round "4"]
[White "Kasparova, Tatiana"]
[Black "Wagh Suyog"]
[Result "0-1"]
[WhiteElo "2102"]
[BlackElo "2312"]
[Annotator "NA"]
[PlyCount "96"]
[EventDate "2018.10.05"]
[EventType "swiss"]
[EventCountry "IND"]
[SourceTitle "playchess.com"]
[Source "ChessBase"]
[SourceQuality "1"]
[TimeControl "5400+30"]

1. e4 {[%emt 0:00:00]} e5 {[%emt 0:00:00]} 2. Nf3 {[%emt 0:00:00]} d6 {[%emt 0:00:00]} 3. d4 {[%emt 0:00:27]} exd4 {[%emt 0:00:00]} 4. Nxd4 {[%emt 0:00:02]} Nf6 {[%emt 0:00:12]} 5. Nc3 {[%emt 0:00:58]} Be7 {[%emt 0:00:56]} 6. Bd3 {[%emt 0:02:21]} O-O {[%emt 0:02:00]} 7. O-O {[%emt 0:00:14]} Re8 {[%emt 0:00:41]} 8. Nd5 {[%emt 0:06:08]} Nxd5 {[%emt 0:04:39]} 9. exd5 {[%emt 0:00:38]} Bf6 {[%emt 0:01:47]} 10. c3 {[%emt 0:10:40]} Nd7 {[%emt 0:03:21]} 11. Bc2 {[%emt 0:05:36]} a5 {[%emt 0:22:28]} 12. Be3 {[%emt 0:09:52]} Nc5 {[%emt 0:01:51]} 13. Qf3 {[%emt 0:03:17]} g6 {[%emt 0:03:54]} 14. Rfe1 {[%emt 0:04:29]} Bd7 {[%emt 0:01:33]} 15. Rad1 {[%emt 0:03:35]} Bg5 {[%emt 0:09:56]} 16. Qg3 {[%emt 0:10:18]} Bxe3 {[%emt 0:00:44]} 17. Rxe3 {[%emt 0:00:04]} Rxe3 {[%emt 0:00:10]} 18. Qxe3 {[%emt 0:04:28]} Qf6 {[%emt 0:01:53]} 19. h3 {[%emt 0:09:09]} Re8 {[%emt 0:02:04]} 20. Qd2 {[%emt 0:00:07]} Re5 {[%emt 0:04:54]} 21. Nf3 {[%emt 0:00:40]} Re7 {[%emt 0:00:37]} 22. Re1 {[%emt 0:02:14]} Rxe1+ {[%emt 0:00:09]} 23. Nxe1 {[%emt 0:00:17]} Bf5 {[%emt 0:01:25]} 24. f3 {[%emt 0:06:48]} h5 {[%emt 0:01:49]} 25. b3 {[%emt 0:04:31]} Bxc2 {[%emt 0:06:31]} 26. Nxc2 {[%emt 0:00:12]} Qf5 {[%emt 0:00:07]} 27. c4 {[%emt 0:03:34]} b6 {[%emt 0:09:12]} 28. Nd4 {[%emt 0:00:53]} Qb1+ {[%emt 0:03:09]} 29. Kh2 {[%emt 0:00:25]} a4 {[%emt 0:00:59]} 30. bxa4 {[%emt 0:01:58]} Qf1 {[%emt 0:01:43]} 31. Qc2 {[%emt 0:04:30]} h4 {[%emt 0:00:28]} 32. Nf5 {[%emt 0:01:55]} gxf5 {[%emt 0:01:17]} 33. Qxf5 {[%emt 0:00:01]} Qe1 {[%emt 0:01:46]} 34. Qg5+ {[%emt 0:00:11]} Kf8 {[%emt 0:01:30]} 35. Qd8+ {[%emt 0:00:34]} Qe8 {[%emt 0:00:07]} 36. Qxh4 {[%emt 0:00:27]} Nxa4 {[%emt 0:04:16]} 37. Qh6+ {[%emt 0:00:39]} Ke7 {[%emt 0:00:07]} 38. h4 {[%emt 0:00:47]} Qg8 {[%emt 0:00:35]} 39. h5 {[%emt 0:00:57]} Nc5 {[%emt 0:00:07]} 40. Qe3+ {[%emt 0:01:39]} Kf8 {[%emt 0:00:08]} 41. g4 {[%emt 0:00:55]} Qg7 {[%emt 0:00:13]} 42. Kh3 {[%emt 0:01:03]} Qf6 {[%emt 0:00:10]} 43. f4 {[%emt 0:00:45]} Qa1 {[%emt 0:02:19]} 44. Kh4 {[%emt 0:00:59]} f6 {[%emt 0:05:19]} 45. g5 {[%emt 0:00:56]} f5 {[%emt 0:01:34]} 46. g6 {[%emt 0:01:27]} Ne4 {[%emt 0:00:18]} 47. Qf3 {[%emt 0:00:37]} Qg1 {[%emt 0:00:24]} 48. a4 {[%emt 0:00:25]} Qh2+ {[%emt 0:00:21]} 0-1

[Event "1st Gujarat GM Open 2018"]
[Site "Ahmedabad"]
[Date "2018.10.07"]
[Round "4"]
[White "Shintre Neel"]
[Black "Gomes, Mary Ann"]
[Result "1-0"]
[WhiteElo "2093"]
[BlackElo "2302"]
[Annotator "NA"]
[PlyCount "135"]
[EventDate "2018.10.05"]
[EventType "swiss"]
[EventCountry "IND"]
[SourceTitle "playchess.com"]
[Source "ChessBase"]
[SourceQuality "1"]
[TimeControl "5400+30"]

1. e4 {[%emt 0:00:00]} c5 {[%emt 0:00:00]} 2. c3 {[%emt 0:00:20]} g6 {[%emt 0:00:31]} 3. d4 {[%emt 0:00:34]} cxd4 {[%emt 0:01:26]} 4. cxd4 {[%emt 0:00:16]} d5 {[%emt 0:00:10]} 5. e5 {[%emt 0:01:27]} Nc6 {[%emt 0:00:10]} 6. Nc3 {[%emt 0:01:04]} Bg7 {[%emt 0:00:19]} 7. h3 {[%emt 0:01:10]} f6 {[%emt 0:00:35]} 8. f4 {[%emt 0:00:51]} Nh6 {[%emt 0:00:17]} 9. g4 {[%emt 0:01:09]} fxe5 {[%emt 0:03:14]} 10. fxe5 {[%emt 0:00:57]} O-O {[%emt 0:10:47]} 11. Bg2 {[%emt 0:01:45]} Be6 {[%emt 0:07:26]} 12. Nf3 {[%emt 0:02:52]} Qb6 {[%emt 0:01:03]} 13. Na4 {[%emt 0:06:22]} Qc7 {[%emt 0:01:11]} 14. Nc5 {[%emt 0:01:14]} Bc8 {[%emt 0:06:44]} 15. O-O {[%emt 0:06:00]} b6 {[%emt 0:03:28]} 16. Nd3 {[%emt 0:03:47]} Ba6 {[%emt 0:02:38]} 17. Be3 {[%emt 0:01:44]} Qd7 {[%emt 0:02:02]} 18. Qd2 {[%emt 0:07:22]} Nf7 {[%emt 0:00:06]} 19. Rfe1 {[%emt 0:04:36]} e6 {[%emt 0:04:01]} 20. h4 {[%emt 0:03:53]} Rac8 {[%emt 0:00:43]} 21. Nf4 {[%emt 0:02:15]} Na5 {[%emt 0:01:21]} 22. b3 {[%emt 0:01:20]} Rc6 {[%emt 0:00:08]} 23. g5 {[%emt 0:02:56]} Rfc8 {[%emt 0:01:05]} 24. Rac1 {[%emt 0:02:23]} Rxc1 {[%emt 0:03:02]} 25. Rxc1 {[%emt 0:00:10]} Rxc1+ {[%emt 0:00:04]} 26. Qxc1 {[%emt 0:00:08]} Nc6 {[%emt 0:01:12]} 27. Bh3 {[%emt 0:02:44]} Nfd8 {[%emt 0:01:47]} 28. h5 {[%emt 0:05:29]} Ne7 {[%emt 0:02:09]} 29. Qc2 {[%emt 0:03:26]} Qc8 {[%emt 0:01:25]} 30. Qd2 {[%emt 0:04:10]} Bb5 {[%emt 0:11:34]} 31. Nh2 {[%emt 0:06:31]} gxh5 {[%emt 0:04:48]} 32. Nxh5 {[%emt 0:01:53]} Nf5 {[%emt 0:00:06]} 33. Nf6+ {[%emt 0:10:08]} Kh8 {[%emt 0:03:58]} 34. Bxf5 {[%emt 0:06:59]} exf5 {[%emt 0:00:05]} 35. Nxd5 {[%emt 0:00:58]} Ne6 {[%emt 0:00:09]} 36. Nf6 {[%emt 0:00:58]} Bf8 {[%emt 0:07:42]} 37. d5 {[%emt 0:02:30]} Nc5 {[%emt 0:07:09]} 38. Qc3 {[%emt 0:02:09]} Qb8 {[%emt 0:02:11]} 39. g6 {[%emt 0:01:08]} Nd3 {[%emt 0:02:07]} 40. a4 {[%emt 0:00:56]} Bb4 {[%emt 0:01:19]} 41. Qc2 {[%emt 0:02:09]} Ba6 {[%emt 0:00:34]} 42. Qg2 {[%emt 0:00:39]} Qc7 {[%emt 0:04:16]} 43. d6 {[%emt 0:00:45]} Qb7 {[%emt 0:01:00]} 44. Qh3 {[%emt 0:00:52]} Nxe5 {[%emt 0:01:58]} 45. Nxh7 {[%emt 0:00:39]} Nxg6 46. Bd4+ {[%emt 0:00:46]} Kg8 {[%emt 0:03:42]} 47. Nf6+ {[%emt 0:00:01]} Kf7 {[%emt 0:00:40]} 48. Qh7+ {[%emt 0:00:26]} Ke6 {[%emt 0:00:09]} 49. Qxg6 {[%emt 0:00:32]} Bxd6 {[%emt 0:01:15]} 50. Ne8+ {[%emt 0:00:23]} Kd7 {[%emt 0:00:06]} 51. Nxd6 {[%emt 0:00:30]} Qd5 {[%emt 0:00:04]} 52. Nxf5 {[%emt 0:00:27]} Bd3 {[%emt 0:01:07]} 53. Qg7+ {[%emt 0:00:10]} Ke6 {[%emt 0:00:08]} 54. Qf6+ {[%emt 0:00:26]} Kd7 {[%emt 0:00:06]} 55. Qe7+ {[%emt 0:00:14]} Kc6 {[%emt 0:00:17]} 56. Qe8+ {[%emt 0:00:24]} Kb7 {[%emt 0:00:06]} 57. Qe7+ {[%emt 0:00:56]} Ka6 {[%emt 0:00:16]} 58. b4 {[%emt 0:01:35]} Qc4 {[%emt 0:02:08]} 59. b5+ {[%emt 0:00:27]} Ka5 {[%emt 0:00:05]} 60. Qxa7+ {[%emt 0:00:05]} Kb4 {[%emt 0:00:04]} 61. Bxb6 {[%emt 0:00:44]} Qc1+ {[%emt 0:00:54]} 62. Kg2 {[%emt 0:00:18]} Bxf5 {[%emt 0:01:07]} 63. Be3 {[%emt 0:00:30]} Be4+ {[%emt 0:00:25]} 64. Kg3 {[%emt 0:00:20]} Qe1+ {[%emt 0:00:06]} 65. Kf4 Qh4+ {[%emt 0:00:13]} 66. Ng4 {[%emt 0:00:31]} Bd3 {[%emt 0:01:25]} 67. Qd4+ {[%emt 0:00:13]} Ka5 {[%emt 0:00:36]} 68. Bd2# {[%emt 0:00:08]} 1-0

[Event "1st Gujarat GM Open 2018"]
[Site "Ahmedabad"]
[Date "2018.10.07"]
[Round "4"]
[White "Nayak Rajesh"]
[Black "Srijit Paul"]
[Result "1/2-1/2"]
[WhiteElo "2084"]
[BlackElo "2292"]
[Annotator "NA"]
[PlyCount "103"]
[EventDate "2018.10.05"]
[EventType "swiss"]
[EventCountry "IND"]
[SourceTitle "playchess.com"]
[Source "ChessBase"]
[SourceQuality "1"]
[TimeControl "5400+30"]

1. e4 {[%emt 0:01:58]} Nf6 {[%emt 0:00:00]} 2. d3 {[%emt 0:06:02]} e6 {[%emt 0:00:46]} 3. Nf3 {[%emt 0:02:05]} d5 {[%emt 0:00:05]} 4. Nbd2 {[%emt 0:00:41]} c5 {[%emt 0:00:10]} 5. g3 {[%emt 0:00:15]} Nc6 {[%emt 0:00:04]} 6. Bg2 {[%emt 0:00:09]} b6 {[%emt 0:00:04]} 7. O-O {[%emt 0:00:13]} Be7 {[%emt 0:00:05]} 8. Re1 {[%emt 0:07:30]} Bb7 {[%emt 0:00:43]} 9. c3 {[%emt 0:08:04]} Qc7 {[%emt 0:01:06]} 10. a3 {[%emt 0:07:57]} dxe4 {[%emt 0:08:24]} 11. dxe4 {[%emt 0:00:17]} e5 {[%emt 0:00:05]} 12. Nc4 {[%emt 0:05:42]} Rd8 {[%emt 0:00:18]} 13. Qc2 {[%emt 0:00:18]} O-O {[%emt 0:02:32]} 14. Nh4 {[%emt 0:05:15]} Ba6 {[%emt 0:01:14]} 15. Bf1 {[%emt 0:00:43]} Bxc4 {[%emt 0:00:58]} 16. Bxc4 {[%emt 0:00:11]} Na5 {[%emt 0:00:03]} 17. Qe2 {[%emt 0:03:29]} Nxc4 {[%emt 0:01:45]} 18. Qxc4 {[%emt 0:00:04]} Ne8 {[%emt 0:07:27]} 19. Nf5 {[%emt 0:03:09]} Nd6 {[%emt 0:00:07]} 20. Nxd6 {[%emt 0:00:10]} Rxd6 {[%emt 0:00:07]} 21. Be3 {[%emt 0:00:29]} Rfd8 {[%emt 0:00:20]} 22. a4 {[%emt 0:00:24]} Qc6 {[%emt 0:01:02]} 23. a5 {[%emt 0:03:24]} R6d7 {[%emt 0:00:35]} 24. axb6 {[%emt 0:00:25]} axb6 {[%emt 0:00:01]} 25. Qb3 {[%emt 0:07:27]} h5 {[%emt 0:01:11]} 26. h4 {[%emt 0:02:36]} b5 {[%emt 0:03:49]} 27. Qc2 {[%emt 0:02:04]} Rd3 {[%emt 0:00:19]} 28. Qe2 {[%emt 0:01:05]} g6 {[%emt 0:07:21]} 29. Ra7 {[%emt 0:02:22]} Bf8 {[%emt 0:01:02]} 30. Qf3 {[%emt 0:01:16]} Qe6 {[%emt 0:10:49]} 31. Rea1 {[%emt 0:06:14]} Bh6 {[%emt 0:00:23]} 32. R1a6 {[%emt 0:00:06]} Qb3 {[%emt 0:01:13]} 33. c4 {[%emt 0:15:44]} Qxc4 {[%emt 0:18:37]} 34. Rxg6+ {[%emt 0:00:41]} fxg6 {[%emt 0:00:50]} 35. Qf6 {[%emt 0:00:05]} R3d7 {[%emt 0:11:50]} 36. Rxd7 {[%emt 0:00:28]} Rxd7 {[%emt 0:00:07]} 37. Qxg6+ {[%emt 0:00:09]} Rg7 {[%emt 0:00:04]} 38. Qxh6 {[%emt 0:00:10]} Qxe4 {[%emt 0:00:09]} 39. Qxh5 {[%emt 0:00:22]} Rxg3+ {[%emt 0:10:33]} 40. fxg3 {[%emt 0:00:05]} Qxe3+ {[%emt 0:00:05]} 41. Kg2 {[%emt 0:01:01]} Kg7 {[%emt 0:00:33]} 42. Qe8 {[%emt 0:00:36]} Qe4+ {[%emt 0:04:15]} 43. Kh2 {[%emt 0:00:17]} Qc2+ {[%emt 0:00:12]} 44. Kh3 {[%emt 0:00:10]} Qf5+ {[%emt 0:00:05]} 45. Kh2 {[%emt 0:00:09]} e4 {[%emt 0:01:47]} 46. Qxb5 {[%emt 0:01:53]} e3 {[%emt 0:05:21]} 47. Qb7+ {[%emt 0:00:46]} Kf6 {[%emt 0:00:07]} 48. Qc6+ {[%emt 0:00:45]} Ke7 {[%emt 0:00:06]} 49. Qc7+ {[%emt 0:01:10]} Ke8 {[%emt 0:00:05]} 50. Qc6+ {[%emt 0:00:16]} Ke7 {[%emt 0:00:17]} 51. Qc7+ {[%emt 0:00:39]} Ke8 {[%emt 0:00:08]} 52. Qc6+ {[%emt 0:03:13]} 1/2-1/2